COMPREHENSIVE OPHTHALMOLOGY (Record no. 1694)

MARC details
000 -LEADER
fixed length control field 00365nam a2200145Ia 4500
008 - FIXED-LENGTH DATA ELEMENTS--GENERAL INFORMATION
fixed length control field 150201s2014 xx 000 0 und d
082 ## - DEWEY DECIMAL CLASSIFICATION NUMBER
Classification number 617.7
Item number C14K
100 ## - MAIN ENTRY--PERSONAL NAME
Personal name KHURANA , A.K.
245 ## - TITLE STATEMENT
Title COMPREHENSIVE OPHTHALMOLOGY
250 ## - EDITION STATEMENT
Edition statement 5TH
260 ## - PUBLICATION, DISTRIBUTION, ETC. (IMPRINT)
Name of publisher, distributor, etc. NEW AGE INTERNATIONAL PUB.
Place of publication, distribution, etc. DELHI
Date of publication, distribution, etc. 2014
300 ## - PHYSICAL DESCRIPTION
Extent 1-637
650 ## - SUBJECT ADDED ENTRY--TOPICAL TERM
Topical term or geographic name as entry element OPHTHALMOLOGY
942 ## - ADDED ENTRY ELEMENTS (KOHA)
Source of classification or shelving scheme Dewey Decimal Classification
Koha item type Books
Koha issues (borrowed), all copies 40
Holdings
Withdrawn status Lost status Source of classification or shelving scheme Damaged status Not for loan Collection code Home library Current library Shelving location Date acquired Source of acquisition Cost, normal purchase price SGTU Bill Number Total Checkouts Total Renewals Full call number Barcode Date last seen Date last checked out Bill Date Koha item type
    Dewey Decimal Classification     MEDICAL SGT Medical Library SGT Medical Library Text Book 23/01/2014 ABC DELHI 695.00 SGTU 4209 28 2 617.7 C14K FM5901 12/05/2025 25/03/2025 14/02/2014 Books
    Dewey Decimal Classification     MEDICAL SGT Medical Library SGT Medical Library Text Book 23/01/2014 ABC DELHI 695.00 SGTU 4209 24 2 617.7 C14K FM5902 24/03/2026 24/09/2025 14/02/2014 Books
    Dewey Decimal Classification     MEDICAL SGT Medical Library SGT Medical Library Text Book 23/01/2014 ABC DELHI 695.00 SGTU 4209 34 1 617.7 C14K FM5903 15/05/2026 14/05/2026 14/02/2014 Books
    Dewey Decimal Classification     MEDICAL SGT Medical Library SGT Medical Library Text Book 23/01/2014 ABC DELHI 695.00 SGTU 4209 40   617.7 C14K FM5904 31/10/2025 18/10/2025 14/02/2014 Books
    Dewey Decimal Classification     MEDICAL SGT Medical Library SGT Medical Library Text Book 23/01/2014 ABC DELHI 695.00 SGTU 4209 32 2 617.7 C14K FM5905 04/10/2025 23/09/2025 14/02/2014 Books